| 000 | 00543nam a22001697a 4500 | ||
|---|---|---|---|
| 003 | NUST | ||
| 038 | _aNusrat Nadeem | ||
| 082 | _a200 | ||
| 100 |
_aKhan, Maryam _997081 |
||
| 245 |
_aPerformance Analysis of Cooperative Communication for Underwater Sensor Network / _cMaryam Khan |
||
| 264 |
_aIslamabad : _bSEECS, NUST, _c2022. |
||
| 300 | _a44 p. ; | ||
| 650 |
_aMS-Electrical Engineering _923567 |
||
| 700 |
_aSupervisor: Dr. Syed Ali Hassan _996705 |
||
| 856 | _uhttp://10.250.8.41:8080/xmlui/handle/123456789/29738 | ||
| 942 |
_2ddc _cSC |
||
| 999 |
_c590936 _d590936 |
||